Statistics for Selo gori a baba se češlja 2 deo

Click here to take the quiz!

General Stats

  • This quiz has been taken 158 times
  • The average score is 9 of 15

Answer Stats

НаговеститиAnswer% Correct
1. Šta Ðoda najviše voli da pije?Pivo
99%
5. Kako se zove selo gde živi većina glumaca?Petlovac
90%
4. Koja reka protiče pored Radašinove kuće?Morava
89%
2. Kako se zove sin popa Stanislava?Jovan
73%
3. Kako se zove Žotina svastika?Svetlana
71%
8. Kako se zove Milonin muž?Radenko
64%
9. Koja glumica glumi lik Zlatane u seriji?Olga Odanović
63%
7. Gde živi Žotina Svastika?Slovenija
63%
6. Gde se nalazi farma pilića, gde je radio Sin Dragan?Ljubovija
60%
11. Ko je potpredsednik za vodovod u Petlovcu?Milašin
60%
10. Gde se sakrio mali Toma? (mesto u kući)Kredenac
49%
12. Kako se zove doktor koji je operisao Radojku?Miloš
48%
13. Kako se zove ćerka Radoslava i Ivane?Nikodina
45%
15. U kojem gradu u Kanadi je ziveo Radoslav?Vankuver
45%
14. Kako se zove Zoričina tetka?Rozalija
24%

Score Distribution

Percentile by Number Answered

Percent of People with Each Score

Your Score History

You have not taken this quiz